[Event "Rishon Le Ziyyon-ch U18"]
[Site "Rishon Le Ziyyon"]
[Date "2023.03.31"]
[Round "5"]
[White "Zakin, Ilay"]
[Black "Fester, Harel"]
[Result "1-0"]
[WhiteElo "1679"]
[BlackElo "1486"]
[PlyCount "45"]
[EventDate "2023.03.28"]
[EventType "swiss"]
[EventRounds "9"]
[EventCountry "ISR"]
[SourceTitle "CBM 213 Extra"]
[Source "ChessBase"]
[SourceDate "2023.05.31"]
[SourceVersion "1"]
[SourceVersionDate "2023.05.31"]
[SourceQuality "1"]

1. e4 e6 2. d4 d5 3. Nd2 Nf6 4. e5 Nfd7 5. Bd3 c5 6. c3 Nc6 7. Ngf3 cxd4 8. cxd4 f6 9. 0-0 fxe5 10. Nxe5 Nf6 11. Ndf3 Bd6 12. Nxc6 bxc6 13. Qc2 Bb7 14. Bg5 Qc7 15. Rfe1 Qf7 16. Bf5 Be7 17. Bxe6 Qf8 18. Ne5 Ne4 19. Bf7+ Kd8 20. Nxc6+ Bxc6 21. Qxc6 Qxf7 22. Qxa8+ Kd7 23. Qb7+ 1-0

[Event "EU-ch U08"]
[Site "Bratislava"]
[Date "2019.08.09"]
[Round "8"]
[White "Fester, Harel"]
[Black "Soghomonyan, Tigran"]
[Result "1-0"]
[WhiteElo "1137"]
[BlackElo "1263"]
[PlyCount "75"]
[EventDate "2019.08.02"]
[EventType "swiss"]
[EventRounds "9"]
[EventCountry "SVK"]
[SourceTitle "EXT 2020"]
[Source "ChessBase"]
[SourceDate "2019.10.17"]
[SourceVersion "1"]
[SourceVersionDate "2019.10.17"]
[SourceQuality "1"]

1. e4 e6 2. d4 d5 3. Nd2 Nf6 4. e5 Nfd7 5. Ngf3 c5 6. c3 Nc6 7. Bd3 cxd4 8. cxd4 f6 9. 0-0 fxe5 10. dxe5 Nc5 11. Bc2 Qc7 12. Re1 Bd7 13. a3 Ne7 14. b4 Na6 15. Bb2 g6 16. Rc1 Qd8 17. Nb3 b6 18. Bd3 Nc7 19. Rc3 Bh6 20. Bc1 Bxc1 21. Qxc1 Rc8 22. Qh6 d4 23. Rc2 Ba4 24. Rb2 Bxb3 25. Rxb3 Qd5 26. Rbb1 Nf5 27. Bxf5 exf5 28. Ng5 Ne6 29. Nxh7 Nf8 30. Nf6+ Kf7 31. Qxh8 Qa2 32. e6+ Ke7 33. Qg7+ Kd6 34. e7 Ne6 35. e8Q Rxe8 36. Nxe8+ Kc6 37. Rbc1+ Kb5 38. Qd7+ 1-0